<?xml version="1.0" encoding="UTF-8"?>
<collection xmlns="http://www.loc.gov/MARC21/slim">
 <record>
  <leader>02290nab a2200265 i 4500</leader>
  <controlfield tag="001">acta56811</controlfield>
  <controlfield tag="005">20240410135519.0</controlfield>
  <controlfield tag="008">190128s2017    hu      o     0||   eng d</controlfield>
  <datafield tag="022" ind1=" " ind2=" ">
   <subfield code="a">2063-4803</subfield>
  </datafield>
  <datafield tag="040" ind1=" " ind2=" ">
   <subfield code="a">SZTE Egyetemi Kiadványok Repozitórium</subfield>
   <subfield code="b">hun</subfield>
  </datafield>
  <datafield tag="041" ind1=" " ind2=" ">
   <subfield code="a">eng</subfield>
  </datafield>
  <datafield tag="100" ind1="1" ind2=" ">
   <subfield code="a">Fehér Andrea</subfield>
  </datafield>
  <datafield tag="245" ind1="1" ind2="0">
   <subfield code="a">Perception of Romanian banking system by the beneficiaries of rural development projects</subfield>
   <subfield code="h">[elektronikus dokumentum] /</subfield>
   <subfield code="c"> Fehér Andrea</subfield>
  </datafield>
  <datafield tag="260" ind1=" " ind2=" ">
   <subfield code="a">University of Szeged, Faculty of Agriculture</subfield>
   <subfield code="b">Szeged</subfield>
   <subfield code="c">2017</subfield>
  </datafield>
  <datafield tag="300" ind1=" " ind2=" ">
   <subfield code="a">130-135</subfield>
  </datafield>
  <datafield tag="490" ind1="0" ind2=" ">
   <subfield code="a">Review on agriculture and rural development</subfield>
   <subfield code="v">6 No. 1-2</subfield>
  </datafield>
  <datafield tag="520" ind1="3" ind2=" ">
   <subfield code="a">Romania, being a Member State of the European Union since 2007, receives important amounts from the European Agricultural Fund for Rural Development of the EU for funding economic activities in the rural area. As the payments for the Community projects are settlement payments (i.e. the payments are settled in installments after being made, the entrepreneurs need forward funding for their investments, and, therefore, the banks play an important role in forwarding the funds for the projects, as well as in co-funding the eligible expenses. This paper analyzes the way in which the beneficiaries of rural development projects perceive the assistance given by the Romanian banking institutions regarding the steps they must make in order to obtain a loan or to benefit of other necessary banking products or services for the implementation of their projects. The research was carried out in Timiș County, between May and September 2016, on a sample of 96 interviewees, beneficiaries of rural development projects by the National Rural Development Programme 2007-2013. The data collection methods consisted of the survey made on the basis of a standardized questionnaire, using the “face-to-face” technique and the data collection interview method using the “face-toface” interview.</subfield>
  </datafield>
  <datafield tag="650" ind1=" " ind2="4">
   <subfield code="a">Társadalomtudományok</subfield>
  </datafield>
  <datafield tag="650" ind1=" " ind2="4">
   <subfield code="a">Társadalom- és gazdaságföldrajz</subfield>
  </datafield>
  <datafield tag="695" ind1=" " ind2=" ">
   <subfield code="a">Vidékfejlesztés - Románia</subfield>
  </datafield>
  <datafield tag="700" ind1="0" ind2="1">
   <subfield code="a">Rujescu Ciprian</subfield>
   <subfield code="e">aut</subfield>
  </datafield>
  <datafield tag="700" ind1="0" ind2="1">
   <subfield code="a">Raicov Miroslav</subfield>
   <subfield code="e">aut</subfield>
  </datafield>
  <datafield tag="700" ind1="0" ind2="1">
   <subfield code="a">Tiberiu Iancu</subfield>
   <subfield code="e">aut</subfield>
  </datafield>
  <datafield tag="700" ind1="0" ind2="1">
   <subfield code="a">Adamov Tabita</subfield>
   <subfield code="e">aut</subfield>
  </datafield>
  <datafield tag="856" ind1="4" ind2="0">
   <subfield code="u">http://acta.bibl.u-szeged.hu/56811/1/agricul_review_2017_001_002_130-135.pdf</subfield>
   <subfield code="z">Dokumentum-elérés </subfield>
  </datafield>
 </record>
</collection>
